Western Sahara cities quiz - Statistics

General Stats
  • This quiz has been taken 109 times
  • The average score is 3 of 5
Answer Stats
Population City % Correct
217,732 Laâyoune
96%
106,277 Dakhla
81%
57,035 Smara
52%
42,651 Cape Bojador
44%
17,917 El Marsa
35%
No matching quizzes found
Score Distribution
Percent of People with Each Score
Percentile by Number Answered
Your Score History
You have not taken this quiz